Kant y Spinoza, dos modelos de ética / (Record no. 67029)

MARC details
000 -LEADER
campo de control de longitud fija 00837nam a2200229 i 4500
001 - NÚMERO DE CONTROL
campo de control 67029
003 - IDENTIFICADOR DE NÚMERO DE CONTROL
campo de control ES-MaACL
005 - FECHA Y HORA DE LA ÚLTIMA TRANSACCIÓN
campo de control 20240125164728.0
007 - CAMPO FIJO DE DESCRIPCIÓN FÍSICA--INFORMACIÓN GENERAL
campo de control de longitud fija t|
008 - DATOS DE LONGITUD FIJA--INFORMACIÓN GENERAL
campo de control de longitud fija 040430s1999 sp ||||1| spa d
080 ## - NÚMERO DE LA CLASIFICACIÓN DECIMAL UNIVERSAL
Número de la Clasificación Decimal Universal 1 Kant
080 ## - NÚMERO DE LA CLASIFICACIÓN DECIMAL UNIVERSAL
Número de la Clasificación Decimal Universal 1 Spinoza
100 1# - ENTRADA PRINCIPAL--NOMBRE DE PERSONA
Nombre de persona Domínguez, Atilano.
9 (RLIN) 45153
245 10 - MENCIÓN DEL TÍTULO
Título Kant y Spinoza, dos modelos de ética /
Mención de responsabilidad, etc. Atilano Domínguez.
260 ## - PUBLICACIÓN, DISTRIBUCIÓN, ETC.
Lugar de publicación, distribución, etc. Cuenca :
Nombre del editor, distribuidor, etc. Universidad de Castilla-La Mancha,
Fecha de publicación, distribución, etc. 1999.
300 ## - DESCRIPCIÓN FÍSICA
Extensión P. 93-116 ;
Dimensiones 23 cm.
500 ## - NOTA GENERAL
Nota general Separata de: Moral, derecho y política en Immanuel Kant. Cuenca : Universidad de Castilla-La Mancha, 1999.
600 14 - PUNTO DE ACCESO ADICIONAL DE MATERIA--NOMBRE DE PERSONA
Nombre de persona Kant, Immanuel,
Fechas asociadas al nombre 1724-1804-
Subdivisión general Crítica e interpretación
9 (RLIN) 67497
600 14 - PUNTO DE ACCESO ADICIONAL DE MATERIA--NOMBRE DE PERSONA
Nombre de persona Spinoza, Benedictus de-
Subdivisión general Crítica e interpretación.
9 (RLIN) 107753
852 ## - LOCALIZACIÓN
Ubicación ES-MaACL
Número de control de estantería 2170-F-22
Sublocalización o colección R.128806
Holdings
Estatus retirado Estado de pérdida Estado de daño No para préstamo Colección Biblioteca de origen Biblioteca actual Ubicación en estantería Fecha de adquisición Fuente de adquisición Total de préstamos Signatura topográfica completa Código de barras Visto por última vez Precio de reemplazo Tipo de ítem Koha
        Colección de folletos Biblioteca del Ateneo de Madrid Biblioteca del Ateneo de Madrid Depósito folletos 17/01/2008     2170-F-22 1070203 23/02/2023 23/02/2023 Folleto